000 01039nam a2200301Ia 4500
001 79972
003 IT-RoPAU
008 130308s9999 xx 000 0 und d
040 _aIT-RoPAU
040 _cIT-RoPAU
041 _aFRANCESE
100 _aDort Bernard
100 _gCodice Aut. SPICS: 7123
245 _aAge de la representation (L')
245 _bTheatre En France (Le)-2-De la Revolution a Nos Jours
250 _a1a ed.
260 _aPARIS
260 _bColin Armand
260 _c1989 [1° Ed.:1989 - Ed.Ling.Originale:1989]
300 _a"84 p. (prefazione: no ; testo: 84 [pagine: 451-534])"
500 _aEtà della rappresentazione Saggi di liberazione Illusione Popolare Oltre Lo Spettacolo utopia e Realtà Teatro Letterale scena Critica tentazione della totalità rappresentazione in Atto ritorno di Artaud Teatro Minimale Teatro Allegorico Re Nudo
650 _aSTORIA NAZIONALE DEL TEATRO
650 _eCodice materia Spics: 8409
942 _cBK
957 _71
999 _c62267
_d62267
999 _bSI
999 _g1